La capitale sud-américaine par son code d'aéroport - Statistiques

Statistiques générales
  • Ce quiz a été pris 19 fois
  • Le résultat moyen est 9 sur 13
Statistiques - réponses
Code IATA Vile % Correct
BOG Bogotá
100%
LIM Lima
100%
BSB Brasilia
94%
MDV Montevideo
94%
ASU Asunción
89%
LPB La Paz
72%
CCS Caracas
61%
PBM Paramaribo
61%
EZE Buenos Aires
56%
SCL Santiago
56%
GEO Georgetown
50%
UIO Quito
50%
SRE Sucre
44%
Aucun quiz correspondant
Distribution des résultats
% des personnes avec chaque résultat
Percentile par nombre de réponses
Votre historique - résultats
Vous n’avez pas pris ce quiz